000 01331cam a22003011 4500
001 l 44000191
003 DLC
005 20260227111539.0
008 910913r19441944dcua f000 0 eng c
010 _al 44000191
035 _a(OCoLC)24369509
040 _aU.S. Dept. of Labor. Library
_cCLU
_dCLU
_dOCoLC
_dDLC
042 _apremarc
050 0 0 _aHD8051
_b.A62 no. 789
082 _a331.836
100 1 _aSchell, Emil Daniel.
245 1 0 _aCost of clothing for moderate-income families, 1935-44 ...
260 _aWashington, D.C.,
_bU.S. Govt. Print. Off.
_c[1944]
300 _a1 p. l., 30 p. incl. tables, diagrs.
_c23 cm.
490 1 _aUnited States. Bureau of Labor Statistics. Bulletin,
_vno. 789
500 _aAt head of title: United States Dept. of Labor, France Perkins, secretary. Bureau of labor statistics, Isador Lubin, commissioner (on leave) A.F. Hinrichs, acting commissioner.
500 _a"Prepared by Emil D. Schell and Laura Mae Webb."--Letter of transmittal.
500 _a"Reprinted from the Monthly labor review, July 1944, with additional data."
650 0 _aClothing trade
_zUnited States.
650 0 _aCost and standard of living
_zUnited States.
700 1 _aWebb, Laura Mae Brown,
_d1910-
_ejoint author.
830 0 _aBulletin of the United States Bureau of Labor Statistics ;
_v789.
999 _c36470
_d36470